[Event "Ch Hungary (team) 2001/02 (2 liga)"]
[Site "masterchessopen.com Hungary"]
[Date "2002.03.03"]
[Round "8"]
[White "Rat Dan Ovidiu (ROM)"]
[Black "Berebora Ferenc (HUN)"]
[Result "0-1"]
[WhiteElo "2334"]
[BlackElo "2404"]

1.d4 Nf6 2.c4 g6 3.Nc3 d5 4.Bf4 Bg7 5.e3 c5 6.dxc5 Qa5 7.Qa4+ Qxa4 8.Nxa4 Bd7
9.Nc3 Ne4 10.Nxd5 Na6 11.f3 Nexc5 12.Rb1 e6 13.Nc7+ Nxc7 14.Bxc7 Na4 15.Bd6
Nxb2 16.Ba3 Na4 17.Rxb7 O-O-O 18.Rb3 Bc6 19.Ne2 Rd7 20.Nd4 Bxd4 21.exd4 Rxd4
22.Bb2 Nxb2 23.Rxb2 Kc7 24.Be2 Rb8 25.Rxb8 Kxb8 26.Kf2 Rd2 27.Ra1 Kc7 28.Ke3
Rb2 29.a3 Kb6 30.Bf1 Kc5 31.h4 e5 32.Kd3 Rb3+ 33.Kc2 Ba4 {#R} 0-1

[Event "It (b)"]
[Site "masterchessopen.com Balatonlelle (Hungary)"]
[Date "2002.06.24"]
[Round "5"]
[White "Kiss Pal (HUN)"]
[Black "Dekic Josip (SRB)"]
[Result "1-0"]
[WhiteElo "2401"]
[BlackElo "2299"]

1.d4 Nf6 2.c4 g6 3.Nc3 d5 4.Bf4 Bg7 5.e3 c5 6.dxc5 Qa5 7.Qa4+ Qxa4 8.Nxa4 Ne4
9.f3 Bd7 10.fxe4 Bxa4 11.cxd5 Nd7 12.Rc1 Bxb2 13.Rc4 b5 14.Rxa4 bxa4 15.Bb5
Kd8 16.Bxd7 Kxd7 17.c6+ Kc8 18.Nf3 f6 19.Ke2 g5 20.Bg3 e5 21.dxe6 Re8 22.Nd4
Bxd4 23.exd4 Rxe6 24.d5 Rxe4+ 25.Kd3 Rb4 26.Rf1 Kd8 27.Bd6 Rf4 28.Bxf4 gxf4
29.d6 Rc8 30.Rc1 {#r} 1-0

[Event "It (open)"]
[Site "masterchessopen.com Ashdod (Israel)"]
[Round "9"]
[White "Mikhalevski Victor (ISR)"]
[Black "Greenfeld Alon (ISR)"]
[Result "1-0"]
[WhiteElo "2566"]
[BlackElo "2547"]

1.d4 Nf6 2.c4 g6 3.Nc3 d5 4.Bf4 Bg7 5.e3 c5 6.dxc5 Qa5 7.Rc1 dxc4 8.Bxc4 O-O
9.Ne2 Qxc5 10.Qb3 Nc6 11.Nb5 Qh5 12.Ng3 Qh4 13.Nc7 e5 14.Bxe5 Nxe5 15.Nxa8 Bd7
16.Nc7 Bc6 17.Nd5 Kh8 18.Nf4 g5 19.Nd3 Nxd3+ 20.Qxd3 Bxg2 21.Nf5 Qh3 22.Nxg7
Bxh1 23.Nf5 Bc6 24.Qd6 Nd7 25.Nd4 Qg2 26.Rd1 Qg1+ 27.Ke2 Qg4+ 28.Kd2 Qe4
29.Ke1 Kg7 30.Qg3 Kh8 31.Bb3 Ne5 32.Qxg5 Nf3+ 33.Nxf3 Qxf3 34.Qe5+ Kg8 35.Rd4
Re8 36.Qg5+ Kf8 37.Rg4 Qh1+ 38.Kd2 Qxh2 39.Qf6 Qh5 40.Rg5 {#r} 1-0

[Event "It \"]
[Site "masterchessopen.com Athens (Greece)"]
[Round "7"]
[White "Kouvatsos Filippos (GRE)"]
[Black "Spiropoulos Panag (GRE)"]
[Result "1-0"]
[WhiteElo "2100"]
[BlackElo "2151"]

1.d4 Nf6 2.c4 g6 3.Nc3 d5 4.Bf4 Bg7 5.e3 c5 6.dxc5 Qa5 7.Qa4+ Qxa4 8.Nxa4 Ne4
9.cxd5 Bd7 10.Bd3 Bxa4 11.Bxe4 Nd7 12.Rc1 Bxb2 13.Rc4 Bb5 14.Rc2 Bg7 15.c6
bxc6 16.dxc6 Ne5 17.Bxe5 Bxe5 18.Rc5 Bf6 19.Rxb5 Bc3+ 20.Ke2 O-O 21.Nf3 a5
22.Rc1 Bb4 23.c7 Rac8 24.Bb7 {#r} 1-0

[Event "Memorial David Garcia Ilundain (juniors)"]
[Site "masterchessopen.com Barcelona (Spain)"]
[Round "8"]
[White "Amigo Villalta Jordi (ESP)"]
[Black "Barrientos Sergio (COL)"]
[Result "1-0"]
[WhiteElo "2156"]
[BlackElo "2435"]

1.d4 Nf6 2.c4 g6 3.Nc3 d5 4.Bf4 Bg7 5.e3 dxc4 6.Bxc4 O-O 7.Nf3 c6 8.O-O b5
9.Bd3 Bb7 10.a3 a6 11.Rc1 Nbd7 12.b4 Nd5 13.Nxd5 cxd5 14.Bc7 Qe8 15.a4 bxa4
16.Qxa4 Nb8 17.Qa5 Qc8 18.Be5 Nc6 19.Qb6 f6 20.Bc7 e5 21.dxe5 fxe5 22.Nxe5
Bxe5 23.Bxe5 Rf7 24.Bg3 Qe8 25.b5 axb5 26.Bxb5 Rc8 27.Rc5 Rf6 28.Qxb7 {#r} 1-0

[Event "It (open)"]
[Site "masterchessopen.com Biel (Switzerland)"]
[Round "7"]
[White "Kuzmin Alexey (RUS)"]
[Black "Dvoirys Semen I (RUS)"]
[Result "1-0"]
[WhiteElo "2539"]
[BlackElo "2615"]

{ Dvoirys Semen I (RUS) +1 =2 -1 } 1.d4 { 1 } 1...Nf6 2.c4 g6 3.Nc3 d5 4.Bf4
Bg7 5.e3 c5 6.dxc5 Qa5 7.Rc1 dxc4 8.Bxc4 O-O 9.Ne2 Qxc5 10.Qb3 { = } 10...Qa5
( 10...Nc6 11.Nb5 Qh5 12.Ng3 ( 12.Nc7 Qa5+ 13.Qc3 Qxc3+ 14.Nxc3 Rb8 15.O-O Nh5
16.Bg5 h6 17.Bh4 g5 18.Bg3 Nxg3 19.hxg3 Be5 20.N7b5 a6 21.Na3 b5 22.Bd5 Nb4
23.Rfd1 Bxc3 24.bxc3 Nxd5 25.Rxd5 Be6 26.Re5 Rfc8 27.c4 b4 28.Rxe6 fxe6 29.Nb1
b3 30.axb3 { ...0-1, Karr Jean-Philipp 2376 - Nijboer Friso 2553 , France 2003
Ch France (team) 2003 } ) 12...Qh4 13.Nc7 e5 14.Bh6 Bxh6 15.Nxa8 Ng4 16.Nc7
Nd4 17.Qa3 Nf5 18.Nd5 Ngxe3 19.Nxe3 Bxe3 20.Bxf7+ Kxf7 21.Qb3+ Kf6 22.fxe3
Nxg3 23.Rc4 Qh5 24.Qd3 Be6 25.Rg1 Bxc4 26.Qxc4 Qxh2 { 0-1, Piskov Yury 2500 -
Dvoirys Semen I 2515 , Podolsk 1992 Ch Russia (team) } ) 11.O-O Nc6 (
11...Nbd7 12.a3 Nb6 13.Bc7 Qc5 14.Na4 Nxa4 15.Qxa4 Qg5 16.Ng3 Ne8 17.Bf4 Qf6
18.Ne4 Qb6 19.b4 Bf5 20.Nc5 Nd6 21.Bd5 Bb2 22.Rcd1 Rad8 23.Qb3 Bg7 24.Bxd6
Rxd6 25.Bxb7 Rfd8 26.Be4 Bc8 27.h3 h5 28.Bf3 Kf8 29.Rxd6 Rxd6 30.Rc1 Rd8 31.a4
{ ...1-0, Piket Jeroen 2649 - Leko Peter 2739 , Monaco 2001 It "Melody Amber"
(blindfold) } ) ( 11...Na6 12.a3 Nc5 13.Qa2 Ne6 14.Bg3 a6 15.Rfd1 b5 16.b4 Qb6
17.Nd5 Nxd5 18.Bxd5 Bb7 19.Bb3 Rac8 20.Bh4 Rxc1 21.Rxc1 Qd6 22.Nc3 Rc8 23.Rd1
Qe5 24.Nd5 Bxd5 25.Bxd5 Qh5 26.Bb3 Qxh4 27.Bxe6 Rf8 28.Bd5 Qf6 29.Rc1 Qb2
30.Bxf7+ Kh8 31.Rc2 { ...1/2-1/2, Dinstuhl Volkmar 2335 - Engsner Joakim 2235
, Gothenburg 1994 It } ) 12.h3 ( 12.Rfd1 Nh5 13.a3 Nxf4 14.Nxf4 e6 15.Be2 Rd8
16.Nd3 Bd7 17.Ne4 Qc7 18.Nec5 Rab8 19.Qa2 Be8 20.b4 Qe7 21.Bf3 Ne5 22.Nxe5
Rxd1+ 23.Rxd1 Bxe5 24.g3 b6 25.Nd3 Bf6 26.Nf4 Rc8 27.Ne2 Ba4 28.Rd2 a5 29.bxa5
bxa5 30.Kg2 h5 31.h4 Kg7 { ...1/2-1/2, Kraidman Yair 2470 - Schmidt
Wlodzimierz 2500 , Nice 1974 Olympiad } ) 12...a6 { N } ( 12...Ne5 13.Nd5 Nxd5
14.Bxd5 Qb6 ( 14...e6 15.Be4 Bd7 16.Qxb7 Rab8 17.Qc7 Qxc7 18.Rxc7 Bb5 19.Re1
Bd3 20.Bb7 Bf6 21.Nd4 Bd8 22.Rec1 f6 23.Bc8 Bxc7 24.Bxe6+ Kh8 25.Rxc7 g5
26.Bxe5 fxe5 27.Nc6 Rxb2 28.Nxe5 Rfxf2 29.Rc8+ Kg7 30.Rc7+ Kh8 31.Rc8+ Kg7
32.Rc7+ { ...1/2-1/2, Riazantsev Alexander 2538 - Najer Evgeniy 2585 , Linares
2003 It (open) } ) 15.Rfd1 Nc6 16.Nc3 Qxb3 17.Bxb3 e5 18.Bh2 Bf5 19.g4 Bc8
20.Rd6 Rd8 21.Ne4 Bd7 22.Nc5 Bc8 23.Rxd8+ Nxd8 24.Rd1 Nc6 25.Rd5 Kf8 26.Nd7+
Ke7 27.Nxe5 Be6 28.Nxc6+ bxc6 29.Rd3 Bxb2 30.Bxe6 Kxe6 31.Rd6+ Ke7 32.Rxc6 {
...1-0, Schaefer Markus 2400 - Soltau Achim, DDR 1986 corr. } ) 13.Rfd1 b5
14.Bd5 Bb7 15.Ng3 Rac8 { ?! } ( 15...e6 { !? } 16.Bf3 Rfd8 17.a4 Rxd1+ { } )
16.Nge4 Nxe4 17.Nxe4 { ! } ( 17.Bxe4 { ? } 17...Rfd8 18.a4 Bxc3 19.Rxc3 { } )
17...e6 { ?! } ( 17...Qb6 { !? } 18.Bxf7+ Rxf7 19.Qe6 Bxb2 { } ) 18.Bxe6 fxe6
19.Qxe6+ { ! } ( 19.Nc5 { ? } 19...Ba8 20.Nxe6 Qa4 21.Qxa4 { } ) 19...Kh8
20.Nd6 Nd8 21.Qe7 Rxc1 22.Rxc1 Qxa2 { ?! } ( 22...Qd2 { !? } 23.Rc7 Qxb2
24.Nxb7 Nxb7 { } ) 23.Be5 Qg8 24.Nxb7 Nxb7 { ?! } ( 24...Qf7 { !? } 25.Qxf7
Nxf7 26.Bxg7+ Kxg7 { } ) 25.Rc7 Rf7 26.Qxf7 Bxe5 27.Qxg8+ Kxg8 28.Rxb7 { }
{#r} 1-0

[Event "It (open)"]
[Site "masterchessopen.com Biel (Switzerland)"]
[Round "2"]
[White "Kuzmin Alexey (RUS)"]
[Black "Livshits Gaby (ISR)"]
[Result "1-0"]
[WhiteElo "2539"]
[BlackElo "2403"]

{ } 1.d4 { 1 } 1...Nf6 2.c4 g6 3.Nc3 d5 4.Bf4 Bg7 5.e3 c5 6.dxc5 Qa5 7.Rc1
dxc4 8.Bxc4 O-O 9.Ne2 Qxc5 10.Qb3 { = } 10...Qh5 ( 10...Nc6 11.Nb5 Qh5 12.Nc7
Qa5+ 13.Qc3 Qxc3+ 14.Nxc3 Rb8 15.O-O Nh5 16.Bg5 h6 17.Bh4 g5 18.Bg3 Nxg3
19.hxg3 Be5 20.N7b5 a6 21.Na3 b5 22.Bd5 Nb4 23.Rfd1 Bxc3 24.bxc3 Nxd5 25.Rxd5
Be6 26.Re5 Rfc8 27.c4 b4 28.Rxe6 fxe6 29.Nb1 b3 30.axb3 { ...0-1, Karr
Jean-Philipp 2376 - Nijboer Friso 2553 , France 2003 Ch France (team) 2003 } )
( 10...Qa5 11.O-O Na6 ( 11...Nc6 12.e4 Ne5 { +0,12 CAP } ) 12.h3 e5 13.Bh2 Nd7
14.Nd5 Ndc5 15.Qc3 Qxc3 16.Nexc3 Be6 17.a3 Nc7 18.Rfd1 Nxd5 19.Nxd5 Rfd8 20.b4
Na4 21.e4 Nb2 22.Rd2 Nxc4 23.Rxc4 Rd7 24.Bg3 f6 25.Rc3 Kf7 26.Rdc2 Bxd5
27.exd5 Rad8 28.f3 Rxd5 29.Rc7+ R5d7 30.Bf2 { ...0-1, Schaffer Hendrik 2191 -
Braun Arik 2300 , Willingen 2003 Ch Germany (juniors) (under 18) } ) 11.Nb5 (
11.Ng3 { +0,64 CAP } ) 11...Na6 ( 11...Nc6 12.Ng3 Qh4 13.Nc7 g5 14.Bd6 { +0,15
CAP } ) 12.Ng3 Qh4 13.Nd4 Nd7 { +0,21 CAP } 14.Nge2 { N } ( 14.Bxa6 bxa6
15.Nge2 e5 16.Bg3 Qf6 17.Nc6 Re8 18.O-O Nb6 19.Rfd1 Bd7 20.Qc3 Rac8 21.Bxe5
Rxe5 22.Qxe5 Qxe5 23.Nxe5 Rxc1 24.Rxc1 Bxe5 25.b3 Kf8 26.f3 Ke7 27.Kf2 Kd6
28.e4 f6 29.Ke3 a5 30.f4 Bb2 31.Rc2 Ba3 32.Kd4 a4 33.e5+ fxe5+ { ...1-0,
Nakamura Hikaru 2520 - Shahade Gregory 2452 , Seattle 2003 Ch USA } ) ( 14.Nf3
Qf6 15.Rc2 Qb6 16.O-O Qxb3 17.Bxb3 Ndc5 18.Bc4 Nb4 19.Rd2 Be6 20.Bxe6 Nxe6
21.Be5 Rfd8 22.Rxd8+ Rxd8 23.Bxg7 Kxg7 24.a3 Nd3 25.Rb1 Rc8 26.Ne1 Nxe1
27.Rxe1 Rc2 28.Re2 Rc1+ 29.Nf1 Nc5 30.Rd2 Rb1 31.g3 a5 32.Kg2 Kf6 33.Rd5 b6 {
...1/2-1/2, Dinstuhl Volkmar 2416 - Brendel Oliver 2375 , Germany 2003
Bundesliga 2002/03 } ) 14...Qf6 15.Bg3 Ndc5 16.Qa3 Ne4 17.Nc3 Nxg3 18.hxg3 Nc7
19.O-O e5 { ?! } ( 19...h6 { !? } 20.Rfd1 Kh7 21.Ne4 Qe5 { } ) 20.Ndb5 Nxb5
21.Nxb5 Qb6 { ?! } ( 21...Rd8 { !? } 22.Nc7 Bf8 23.b4 Rb8 { } ) 22.Rfd1 a6 { ?
} ( { ? } 22...Bf6 23.Rd6 Be7 24.Rcd1 Rd8 { } ) 23.Rd6 axb5 24.Bxf7+ { } {#r}
1-0

[Event "Ch Europe (juniors) (under 18)"]
[Site "masterchessopen.com Budva (Yugoslavia)"]
[Round "3"]
[White "Seifert Volker (GER)"]
[Black "Borisek Jure (SLO)"]
[Result "1-0"]
[WhiteElo "2329"]
[BlackElo "2489"]

1.d4 Nf6 2.c4 g6 3.Nc3 d5 4.Bf4 Bg7 5.e3 c5 6.dxc5 Qa5 7.Rc1 dxc4 8.Bxc4 O-O
9.Ne2 Qxc5 10.Qb3 Qa5 11.O-O Nc6 12.a3 Nh5 13.Rfd1 Nxf4 14.Nxf4 e6 15.Be2 Ne5
16.Ne4 Bd7 17.Nc5 Bc6 18.Nxb7 Qc7 19.Nd6 Rab8 20.Qc2 Qa5 21.b4 Qxa3 22.b5 Ba8
23.Qc7 Rbd8 24.Qc5 Qa5 25.h3 Nd7 26.Qc7 Qb6 27.Nxf7 Rxf7 28.Nxe6 Qxe6 29.Qxd8+
Nf8 30.Qxa8 {#r} 1-0

[Event "It (open)"]
[Site "masterchessopen.com Dubai (United Arab Emirates)"]
[Round "6"]
[White "Aleksandrov Aleksej (BLR)"]
[Black "Timofeev Artyom (RUS)"]
[Result "1-0"]
[WhiteElo "2659"]
[BlackElo "2611"]

1.d4 Nf6 2.c4 g6 3.Nc3 d5 4.Bf4 Bg7 5.e3 c5 6.dxc5 Qa5 7.Rc1 dxc4 8.Bxc4 O-O
9.Ne2 Qxc5 10.Qb3 Nc6 11.Nb5 Qh5 12.Ng3 Qh4 13.Nc7 g5 14.Bxg5 Qxg5 15.Nxa8 Bd7
16.O-O Na5 17.Qb4 Qe5 18.Rfe1 Nxc4 19.Rxc4 Rxa8 20.Qxb7 Rb8 21.Qxa7 Rxb2 22.a4
h5 23.h3 Be6 24.Rd4 Bd5 25.Qc5 e6 26.Qc8+ Bf8 27.Qc1 Ra2 28.Re2 Ra3 29.Rc2 Bd6
30.Rc3 Rxc3 31.Qxc3 Qg5 32.h4 Qg6 33.Qd3 Qg7 34.e4 Bxg3 35.exd5 Be5 36.Rc4 Qh6
37.dxe6 fxe6 38.a5 Nd5 39.a6 Nf4 40.Qe4 {#r} 1-0

[Event "Bundesliga 2002/03"]
[Site "masterchessopen.com Germany"]
[Round "8"]
[White "Agdestein Simen (NOR)"]
[Black "Thiel Thomas (GER)"]
[Result "1-0"]
[WhiteElo "2589"]
[BlackElo "2316"]

{ Agdestein Simen (NOR) +1 =0 -0 Thiel Thomas (GER) +0 =0 -1 } 1.d4 Nf6 2.c4
g6 3.Nc3 d5 4.Bf4 Bg7 5.e3 c5 6.dxc5 Qa5 7.Rc1 Ne4 { ? } ( 7...dxc4 8.Bxc4 O-O
9.Nf3 Qxc5 10.Bb3 Nc6 11.O-O Qa5 12.h3 Bf5 13.Qe2 Ne4 14.Nd5 e5 15.Rxc6 exf4
16.Rc7 Be6 17.Qe1 { ...1/2-1/2, Karpov Anatoly(2705) - Kasparov Garry(2740),
London/Leningrad 1986 Ch World (match) } ) 8.cxd5 { ? } ( 8.Ne2 e5 9.Bxe5 Bxe5
10.Qxd5 Nc6 11.Qxe4 Bf5 12.Qh4 Rd8 13.a3 Qxc5 14.b4 Qd6 15.Rd1 Qf6 16.Rxd8+
Kxd8 17.Qxf6+ Bxf6 { ...1-0, Novikov Igor A(2598) - Nakamura Hikaru(2520), New
York 2002 Tournament "New York Masters" } ) 8...Nxc3 9.Qd2 Qxa2 10.bxc3 { ?/=
} 10...Qa5 11.Bc4 Nd7 ( 11...Qxc5 12.Ba2 b5 13.Nf3 O-O 14.O-O Nd7 15.c4 b4
16.e4 Qa5 17.e5 Nc5 18.Nd4 Bd7 19.Nb3 Nxb3 20.Bxb3 e6 21.Ra1 { ...1/2-1/2,
Conquest Stuart(2430) - Zysk Robert(2325), Munich 1986 It } ) ( 11...O-O
12.Nf3 Nd7 13.O-O Nxc5 14.Be5 Bxe5 15.Nxe5 Qc7 16.Qd4 b6 17.Rfd1 Bd7 18.Qf4
Qd6 19.Rd4 Kg7 20.Qg3 f6 21.Nxd7 { ...0-1, Tsvetkov Ilia(2325) - Donchev
Dimitar I(2440), Bulgaria 1988 Ch Bulgaria } ) 12.Ne2 ( 12.Nf3 Qxc5 13.Ba2 Qa5
14.O-O O-O 15.e4 Nc5 16.Rfe1 e6 17.d6 b6 18.Bh6 Bb7 19.Bxg7 Kxg7 20.Ra1 Qb5
21.Nd4 Qd7 { ...1-0, Beliavsky Alexander G(2590) - Hoelzl Franz(2415),
Baden-Baden 1980 It (cat.12) } ) 12...Nxc5 13.f3 ( 13.O-O b5 14.Ra1 Qb6
15.Rfb1 Bd7 16.Nd4 Ne4 17.Qd3 Nxf2 18.Kxf2 bxc4 19.Qxc4 Qf6 20.Ra6 Qh4+ 21.Bg3
Qe4 22.Rxa7 O-O { ...1/2-1/2, Dorfman Josif D(2550) - Gulko Boris F(2575),
Lvov 1978 Zt (cat.13) } ) ( 13.Nd4 Bd7 14.O-O O-O 15.Qb2 Rfc8 16.Be2 b6 17.c4
e5 18.dxe6 Nxe6 19.Bd6 Bc6 20.Rfd1 Qg5 21.Bg3 Nxd4 22.exd4 Rd8 { ...1/2-1/2,
Polugaevsky Lev A(2625) - Timman Jan H(2625), 1979 Match } ) 13...b5 14.Ba2
O-O 15.e4 { N } ( 15.O-O e5 16.Bg5 f6 17.Bh4 Bd7 18.e4 Rac8 19.Bf2 Rfd8 20.Be3
Bf8 21.Ra1 Bd6 22.h4 Qc7 23.h5 a5 24.hxg6 hxg6 { ...0-1, Van Scheltinga Theo
D(2325) - Mikhalchishin Adrian(2460), Telex 1978 Olympiad (telechess) } )
15...Bd7 16.O-O Rfc8 17.Rc2 Na4 18.Rfc1 Nb6 19.d6 exd6 20.Qxd6 Bf8 21.Qf6 Nc4
22.Bxc4 Rxc4 23.Ra2 Bc5+ 24.Kh1 Qb6 25.Qg5 Qe6 26.Rca1 f6 27.Qg3 Ra4 28.Rxa4
bxa4 29.Bc1 Qb3 30.Qe1 Rc8 31.Nd4 Bxd4 { ? } ( 31...Qc4 { ! } 32.Qd1 Rb8
33.Bf4 Rb7 { } ) 32.cxd4 Rc2 33.Qa5 { ? } ( 33.d5 { !? } 33...Qd3 34.Be3 a6
35.Ba7 { } ) 33...Qb5 { ? } ( 33...Qb6 { ! } 34.Qxb6 axb6 35.Ba3 f5 { } )
34.Qd8+ Be8 35.Bh6 Kf7 { } ( 35...Ra2 { !? } 36.Rd1 Qd7 37.Qxf6 Qf7 { } )
36.Qd6 a3 37.d5 g5 38.Qf8+ Kg6 39.Qg7+ Kh5 40.g4+ Kh4 { } {#r} 1-0

[Event "Bundesliga 2002/03"]
[Site "masterchessopen.com Germany"]
[Round "8"]
[White "Hertneck Gerald (GER)"]
[Black "Joachim Sven (GER)"]
[Result "1-0"]
[WhiteElo "2552"]
[BlackElo "2448"]

{ } 1.d4 Nf6 2.c4 g6 3.Nc3 d5 4.Bf4 Bg7 5.e3 c5 6.dxc5 Qa5 7.Qa4+ Qxa4 8.Nxa4
Bd7 9.Nc3 { = } 9...Ne4 ( 9...Na6 10.cxd5 Nxc5 11.Nf3 O-O 12.Rd1 Rfd8 13.Be5
Na4 14.Nxa4 Bxa4 15.Rd4 Bc2 16.Bc4 a6 17.Ke2 b5 18.Rc1 Be4 19.Bb3 { ...1-0,
Andruet Gilles(2410) - Bernard Christophe(2265), France 1986 Ch France } )
10.Nxd5 Na6 11.f3 Nexc5 12.O-O-O ( 12.Rb1 e6 13.Nc7+ Nxc7 14.Bxc7 Na4 15.Bd6
Nxb2 16.Ba3 Na4 17.Rxb7 Bf8 18.Bxf8 Rxf8 19.Ne2 Ke7 20.Nd4 Nc5 21.Rb4 Rfb8 {
...1/2-1/2, Novikov Igor A(2545) - Sutovsky Emil(2575), Koszalin 1998 It
(open) } ) 12...e6 13.Nc3 { N } ( 13.Nc7+ Nxc7 14.Bxc7 Rc8 15.Bd6 b5 16.b3
bxc4 ( 16...Nb7 17.Kb1 Nxd6 18.Rxd6 Ke7 19.Rd2 Bh6 20.f4 e5 21.Bd3 bxc4
22.Bxc4 Bf5+ { ...0-1, Kiss Pal(2395) - Rowson Jonathan(2545), Reykjavik 2002
It (open) } ) 17.Bxc4 Na4 18.Rd2 Bb5 19.Rc2 Bxc4 20.bxc4 Kd7 21.c5 Rc6 22.Ne2
{ 1/2-1/2, Van Wely Loek(2655) - Svidler Peter(2660), Tilburg 1997 It (cat.17)
} ) 13...Bxc3 14.bxc3 f6 15.g4 { ? } ( 15.Bd6 { !? } 15...Ba4 16.Rd2 e5 17.h4
{ } ) 15...h5 { ? } ( 15...O-O-O { !? } 16.Nh3 Bc6 17.e4 Rxd1+ { } ) 16.g5 e5
17.Bg3 h4 18.Bf2 { ? } ( 18.Be1 { !? } 18...f5 19.Rd5 e4 20.fxe4 { } )
18...fxg5 19.Rd5 e4 20.Rxg5 Bf5 21.Kc2 O-O-O { ? } ( 21...Rd8 { !? } 22.Bh3
Nd3 23.Bxf5 Nxf2 { } ) 22.Bh3 Bxh3 23.Nxh3 exf3 24.Rg4 Nd3 25.Bxh4 Ne5 26.Re4
{ ? } ( 26.Rf4 { !? } 26...g5 27.Nxg5 Rdg8 28.Re4 { } ) 26...Rde8 27.Bg3 Rxh3
28.Rxe5 Rxe5 29.Bxe5 Nc5 30.Rg1 Rh5 31.Bg3 Ne4 { ? } ( 31...g5 { !? } 32.Rd1
Rh6 33.a4 g4 { } ) 32.Kd3 Nxg3 33.hxg3 Rg5 { ? } ( 33...g5 { !? } 34.g4 Rh2
35.a4 f2 { } ) 34.g4 { ?! } ( 34.Ke4 { !? } 34...Ra5 35.Rf1 Rxa2 36.Rxf3 { } )
34...Kc7 { ? } ( 34...Ra5 { !? } 35.Rf1 Rxa2 36.Rxf3 Rg2 { } ) 35.e4 f2 { ? }
( 35...Ra5 { !? } 36.Rf1 Rxa2 37.Rxf3 Rg2 { } ) 36.Rf1 Rxg4 37.Rxf2 Rg1 38.Kd4
Rd1+ 39.Ke5 Rd3 40.Kf6 Rxc3 { } {#r} 1-0

[Event "Ch World (juniors) (under 18)"]
[Site "masterchessopen.com Halkidiki (Greece)"]
[Round "2"]
[White "Seifert Volker (GER)"]
[Black "Smeets Jan (NED)"]
[Result "0-1"]
[WhiteElo "2329"]
[BlackElo "2515"]

1.d4 Nf6 2.c4 g6 3.Nc3 d5 4.Bf4 Bg7 5.e3 c5 6.dxc5 Qa5 7.Rc1 Ne4 8.cxd5 Nxc3
9.Qd2 Qxa2 10.bxc3 Qa5 11.Bc4 Nd7 12.Nf3 Qxc5 13.Ba2 Nf6 14.O-O O-O 15.Nd4
Nxd5 16.Nb3 Qa3 17.Qxd5 Qxa2 18.Qb5 b6 19.Rfd1 Be6 20.Nd4 Qc4 21.Qxc4 Bxc4
22.Nc6 Rfe8 23.Rd7 e5 24.Bg3 Bb5 25.Rc7 Bxc6 26.Rxc6 Rac8 27.Rxc8 Rxc8 28.c4
b5 29.c5 b4 30.Kf1 a5 31.c6 f6 32.Ra1 Rxc6 33.Rxa5 Rb6 34.e4 b3 35.Ra1 b2
36.Rb1 Bf8 {#R} 0-1

[Event "Spartakiada Russia (juniors)"]
[Site "masterchessopen.com Kazan (Russia)"]
[Round "0"]
[White "Kim Igor (RUS)"]
[Black "Danin Alexandre (RUS)"]
[Result "0-1"]
[WhiteElo "2257"]
[BlackElo "2420"]

1.d4 Nf6 2.c4 g6 3.Nc3 d5 4.Bf4 Bg7 5.e3 c5 6.dxc5 Qa5 7.Qd2 dxc4 8.Bxc4 O-O
9.Nf3 Qxc5 10.Bb3 Nc6 11.Rc1 Qa5 12.O-O Bg4 13.h3 Bxf3 14.gxf3 Nh5 15.Bh2 Qg5+
16.Kh1 Rad8 17.Qe2 Na5 18.Bc2 Qh4 19.Kg2 Qc4 20.Rfd1 Qxe2 21.Nxe2 Bxb2 22.Rb1
Rxd1 23.Rxd1 {#R} 0-1

[Event "It (cat.15)"]
[Site "masterchessopen.com Pamplona (Spain)"]
[Round "6"]
[White "Pelletier Yannick (SUI)"]
[Black "McShane Luke J (ENG)"]
[Result "0-1"]
[WhiteElo "2589"]
[BlackElo "2629"]

{ Pelletier Yannick (SUI) +0 =1 -0 } 1.d4 Nf6 2.c4 g6 3.Nc3 d5 4.Bf4 Bg7 5.e3
c5 6.dxc5 Qa5 7.Rc1 dxc4 8.Bxc4 O-O 9.Ne2 { = } 9...Nbd7 { N } ( 9...Qxc5
10.Qb3 { = } ( 10.Bb3 Nc6 11.O-O Qh5 12.a3 Rd8 13.Qc2 e5 14.Bg3 Bf5 15.e4 Bd7
16.Rcd1 Rac8 17.f3 Qg5 18.Bf2 Nh5 19.Kh1 Nd4 20.Nxd4 exd4 21.Bxd4 Bb5 22.Bxf7+
Kxf7 23.Qb3+ Bc4 24.Qxb7+ Qe7 25.Qxe7+ Kxe7 26.Nd5+ Rxd5 27.exd5 Bxf1 28.Bxg7
Bxg2+ 29.Kxg2 Rc2+ { ...0-1, Dreev Alexey 2690 - Sutovsky Emil 2651 , Internet
2002 Ch ICC (blitz) (final) } ) 10...Nc6 11.Nb5 Qh5 12.Nc7 ( 12.Ng3 Qh4 13.Nc7
e5 ( 13...g5 14.Bxg5 ( 14.Bd6 { } ) 14...Qxg5 15.Nxa8 Bd7 16.Qxb7 Rb8 17.Qc7
Rxa8 18.Ba6 Ne8 19.Qxd7 Qa5+ 20.b4 Nxb4 21.O-O Qxa6 22.Nf5 Nxa2 23.Rc6 Qa5
24.Nxe7+ Kf8 25.Nc8 Qb4 26.Rc4 { 1-0, Dreev Alexey 2690 - Svidler Peter 2693 ,
Halkidiki 2002 Cup European Club (final) } ) 14.Bxe5 ( 14.Bh6 Bxh6 15.Nxa8 Ng4
16.Nc7 Nd4 17.Qa3 Nf5 18.Nd5 Ngxe3 19.Nxe3 Bxe3 20.Bxf7+ Kxf7 21.Qb3+ Kf6
22.fxe3 Nxg3 23.Rc4 Qh5 24.Qd3 Be6 25.Rg1 Bxc4 26.Qxc4 Qxh2 { 0-1, Piskov Yury
2500 - Dvoirys Semen I 2515 , Podolsk 1992 Ch Russia (team) } ) 14...Nxe5
15.Nxa8 { } 15...Bd7 16.Nc7 Bc6 { N } ( 16...Rc8 17.Be2 Ne8 18.f4 Ng4 19.Qd1
Nxe3 20.Qxd7 Qxf4 21.Nf1 Nxg2+ 22.Kd1 Qh4 23.Qxc8 Qd4+ 24.Kc2 Qxb2+ 25.Kd3
Nf4+ 26.Ke4 Qe5+ 27.Kf3 Qxe2+ 28.Kg3 Nh5+ 29.Kh3 Qf3+ { 0-1, Veremeichik
Vladimir 2361 - Zhigalko Andrey 2369 , Minsk 2001 Ch Belarus } ) 17.Nd5 Kh8
18.Nf4 g5 19.Nd3 Nxd3+ 20.Bxd3 Bxg2 21.Qc4 { ?! } ( 21.Nf5 { !? } 21...Qh5
22.Nxg7 Kxg7 23.Rg1 { } ) 21...Ng4 22.Bf5 { ?! } ( 22.Rg1 { !? } 22...Bc6
23.Be4 Ne5 24.Qc2 { } ) 22...Ne5 23.Qxh4 gxh4 24.Rg1 Bc6 25.Nh5 { ?! } (
25.Ne4 { !? } 25...Nf3+ 26.Ke2 Nxg1+ 27.Rxg1 { } ) 25...Nf3+ 26.Ke2 Bxb2
27.Rgd1 { ?! } ( 27.Rb1 { !? } 27...Nxg1+ 28.Rxg1 Rd8 29.Nf4 { } ) 27...Bxc1
28.Rxc1 Re8 { ?! } ( 28...Rd8 { !? } 29.e4 Nd4+ 30.Ke3 Nxf5+ { } ) 29.Nf6 {
...1/2-1/2, Dreev Alexey 2682 - Sutovsky Emil 2666 , Rethymnon 2003 Cup
European Club (final) } ) ( 12.Nc7 Qa5+ 13.Qc3 Qxc3+ 14.Nxc3 Rb8 15.O-O Nh5
16.Bg5 h6 17.Bh4 g5 18.Bg3 Nxg3 19.hxg3 Be5 20.N7b5 a6 21.Na3 b5 22.Bd5 Nb4
23.Rfd1 Bxc3 24.bxc3 Nxd5 25.Rxd5 Be6 26.Re5 Rfc8 27.c4 b4 28.Rxe6 fxe6 29.Nb1
b3 30.axb3 Rxb3 31.Nd2 Rb2 { ...0-1, Karr Jean-Philipp 2376 - Nijboer Friso
2553 , France 2003 Ch France (team) 2003 } ) 12...Na5 13.Bxf7+ Rxf7 14.Qa3 Rb8
15.Rc5 Qg4 16.Rg5 Nc4 17.Qxa7 Qd7 18.O-O e5 19.Qxb8 exf4 20.Rc5 Nd2 21.Ne6
Qxe6 22.Qxc8+ Qxc8 23.Rxc8+ Bf8 24.Rd1 fxe3 25.fxe3 Rd7 26.Nd4 Nde4 27.Rdc1
Kf7 28.R1c7 Bd6 29.Rxd7+ { ...1/2-1/2, Piket Jeroen 2649 - Van Wely Loek 2714
, Monaco 2001 It "Melody Amber" (blindfold) } ) ( 9...Nc6 10.O-O e5 11.Bg5
Qxc5 12.Qa4 Qa5 13.Qb3 Rb8 14.Bxf6 Bxf6 15.Ne4 Be7 16.Bxf7+ Rxf7 17.Rxc6 Kg7
18.Nd6 Bxd6 19.Rxd6 Bg4 20.Nc3 Rbf8 21.Qd5 Qxd5 22.Rxd5 Be6 23.Rd2 b5 24.a3 b4
25.axb4 Rb8 26.b5 Bc4 27.Ra1 Bxb5 28.Ra5 a6 29.Nxb5 { ...1/2-1/2, Martyn Rafe
2312 - Hossain Enamul 2446 , Edinburgh 2003 Ch Great Britain } ) ( 9...Na6
10.a3 Qxc5 11.Qb3 Qa5 12.Qa2 Nh5 13.b4 Qd8 14.Rd1 Qe8 15.Bb5 Be6 16.Qxe6 fxe6
17.Bxe8 Nxf4 18.exf4 Raxe8 19.O-O Rd8 20.Nb5 Bb2 21.Nec3 Bxc3 22.Nxc3 Nc7
23.g3 h6 24.Rfe1 Kf7 25.Kg2 b6 26.Kf3 Rxd1 27.Rxd1 Rc8 28.Ke3 Ne8 29.Ne4 {
...1-0, Lopez Rodriguez Fernando 2163 - Valdes Leonardo 2379 , Sevilla 2003 It
(open) } ) 10.O-O Nxc5 11.Nb5 { } ( 11.Nd4 { !? } 11...Bd7 { +0.42 CAP } 12.a3
Qb6 13.b3 { } ) 11...Bd7 12.Ned4 a6 13.Bc7 b6 14.Na3 Qb4 15.Nb3 Ne6 16.Be5
Rfd8 17.Qe2 b5 18.Bxe6 { ?! } ( 18.Bd3 { !? +0.12 CAP } 18...Rac8 19.f4 Rxc1
20.Rxc1 { } ) 18...Bxe6 19.Nd4 Bd5 20.Nac2 Qa5 21.Rfd1 Rac8 22.a3 Qb6 23.Nb4
Bb7 24.Nd3 Bf8 { } ( 24...Rc4 { !? } 25.b3 Rcc8 26.Rxc8 Rxc8 { } ) 25.Nb3 Bd5
26.Bd4 Qb8 27.Nbc5 Qa8 28.f3 Ne8 { } ( 28...Nd7 { !? } 29.Nxd7 Rxd7 30.Ne5 Rd6
{ } ) 29.Qf2 { } ( 29.b3 { !? } 29...f6 30.Bc3 Bg7 31.Ba5 { } ) 29...f6 30.e4
Bc4 31.b3 { ?! } ( 31.Be3 { !? } 31...e5 32.Ra1 Bd6 33.b3 { } ) 31...Bxd3
32.Ne6 { ? } ( { ? } 32.Be3 Rxc5 33.Bxc5 f5 34.Qe3 { } ) 32...Rxc1 33.Rxc1 Rc8
34.Qd2 Rxc1+ 35.Qxc1 { -3.75 CAP } 35...b4 { ? } ( { ? } 35...Ng7 36.Nxf8 Kxf8
37.Qh6 Qd8 { } ) 36.Qd2 Bb5 37.Qxb4 Qc8 38.Nxf8 Kxf8 39.Bc5 Qd7 40.a4 Bc6
41.Qc4 Bb7 42.h3 Ng7 { } {#R} 0-1